000 00264nam a2200109Ia 4500
001 1259621
005 20260417140315.0
008 260417s9999 xx 000 0 und d
020 _a9786051852287
245 0 _aHüzün
_cAyşe Kulin
260 _bEverest Yayınları
999 _c1259621
_d1259621